Fundamentals of nursing home administration

Uložené v:
Podrobná bibliografia
Hlavný autor: McQuillan, Florence L.
Médium: Kniha
Jazyk:English
Vydavateľské údaje: Philadelphia W.B.Saunders Company 1967
Predmet:
Tagy: Pridať tag
Žiadne tagy, Buďte prvý, kto otaguje tento záznam!

MARC

LEADER 00000nam a2200000 4500
001 c124673
005 20221123135324.6
041 0 |a eng 
044 |a US 
245 1 0 |a Fundamentals of nursing home administration  |c Florence L. McQuillan 
264 1 |a Philadelphia  |b W.B.Saunders Company  |c 1967 
300 |a 395 s. 
610 2 0 |a starostlivosť zdravotná 
610 2 0 |a služby starostlivosti sociálnej 
610 2 0 |a dôchodcovia 
610 2 0 |a chorobnosť 
610 2 0 |a manažment personálny 
610 2 0 |a zdravotníctvo 
610 2 0 |a medicína 
610 2 0 |a riadenie administratívne 
610 2 0 |a nemocnice 
100 1 |a McQuillan, Florence L.